00948nam a2200265 a 4500001000900000005001700009008004100026041000800067044000700075050002500082100003400107245006900141250001100210260008800221300002400309500001100333504003100344650004700375650006200422740003800484902000800522942001100530999001700541952012400558BRL_185220190320211409.0100815s1987----ve-ao#####---#000-0#spa-# aspa ave 4aF2520.1Y3b.C63 19871 aCocco, Luisd1910-198092804810aIyëwei-Teribquince años entre los yanomamoscP. Luis Cocco. a2a ed. aCaracas, VenezuelabEditorial Salesiana : Escuela Técnica Popular Don Boscoc1987 a498 p.bil.c27 cm. aAu2108 aBibliografía: p. 497-49814aYanomamisxVida social y costumbres92804914aIndígenas de VenezuelaxVida social y costumbres9280500 aquince años entre los yanomamos aGRL 2lcccB c10660d10660 00104070aBRLbBRLd2015-08-10iAu2108l0oF2520.1Y3 .C63 1987 (Au2108)pGRL02035r2019-03-22 00:00:00w2019-03-22yB